000 00723nam a2200289Ia 4500
005 20260324140420.0
008 008 260324s9999 xx 000 0 eng d
020 _a9780203023778
037 _aEBOOK
040 _aCRL
040 _beng
040 _cCRL
041 _2eng
041 _aeng
084 _qCRL
100 _aMatti Heikkila; Bjorn Hvinden; Mikko Kautto; Staffan Marklund; Niels Ploug
_91204302
245 0 _aNordic Social Policy
245 0 _bChanging Welfare States
260 _bTaylor and Francis
260 _c1999
365 _a
365 _b315
856 _uhttp://www.taylorfrancis.com/books/9780203023778
942 _cEBOOK
999 _c1806368
_d1806368